000 00392pab a2200157 454500
008 180718b2009 xxu||||| |||| 00| 0 eng d
100 _aPowar, K.B.
245 _aProviders of higher education: traditional, recent and emerging
260 _c2009
300 _ap.8-12, 18.
362 _a14 Sep
650 _aHigher education
773 _aUniversity News
908 _aN
909 _a84015
999 _c84015
_d84015